[Event "4NCL"]
[Site "Barcelo Hotel, Hinckley Island"]
[Date "2012.01.15"]
[Round "172.5"]
[White "Headlong, Timothy"]
[Black "Adams, Philip"]
[Result "1/2-1/2"]
[WhiteElo "2179"]
[BlackElo "2097"]
[PlyCount "56"]
[EventDate "2012.??.??"]
[WhiteTeam "Brown Jack"]
[BlackTeam "3Cs 1"]

1. Nf3 c5 2. c4 g6 3. e4 Bg7 4. d4 cxd4 5. Nxd4 Nf6 6. Nc3 Nc6 7. Be3 O-O 8.
Be2 d6 9. O-O Nxd4 10. Bxd4 Bd7 11. f3 a5 12. b3 Bc6 13. Qd2 Nd7 14. Bf2 Nc5
15. Rab1 b6 16. Rfc1 Re8 17. Bd1 Rb8 18. a3 h5 19. b4 axb4 20. axb4 Nd7 21. Be2
Ra8 22. Nd5 Ra3 23. Rc2 e6 24. Nc3 Be5 25. Nb5 Bxb5 26. cxb5 Qf6 27. Qc1 Rc3
28. Rxc3 Bxc3 1/2-1/2

[Event "4NCL"]
[Site "Barcelo Hotel, Hinckley Island"]
[Date "2012.01.15"]
[Round "172.7"]
[White "Martin, Lewis"]
[Black "Horton, Jamie A"]
[Result "1/2-1/2"]
[WhiteElo "1976"]
[BlackElo "1999"]
[PlyCount "57"]
[EventDate "2012.??.??"]
[WhiteTeam "Brown Jack"]
[BlackTeam "3Cs 1"]

1. e4 c5 2. Nf3 e6 3. d4 cxd4 4. Nxd4 a6 5. g3 b5 6. Bg2 Bb7 7. O-O Qc7 8. Be3
Nf6 9. Nd2 d6 10. Rc1 Be7 11. c4 bxc4 12. Nxc4 O-O 13. Nb3 Nbd7 14. Nb6 Qb8 15.
Nxa8 Qxa8 16. f3 d5 17. exd5 Bxd5 18. Rc7 Bd6 19. Ra7 Qc6 20. Rf2 Bb8 21. Nd4
Qd6 22. Bf4 Qb6 23. Bxb8 Rxb8 24. Rxd7 Nxd7 25. b3 Nf6 26. Kf1 Rd8 27. Rd2 h6
28. Ne2 Rc8 29. Rc2 1/2-1/2

[Event "4NCL"]
[Site "De Vere, Sunningdale, ENG"]
[Date "2012.02.11"]
[Round "9.1"]
[White "Slaby, Jerzy"]
[Black "Spencer, Carl J"]
[Result "1/2-1/2"]
[WhiteElo "2493"]
[BlackElo "2171"]
[PlyCount "88"]
[EventDate "2012.??.??"]
[WhiteTeam "Pandora's Box Grantham"]
[BlackTeam "Cambridge University 2"]

1. e4 e6 2. Qe2 c5 3. g3 Nc6 4. Nf3 d5 5. exd5 Qxd5 6. Nc3 Qd8 7. Bg2 Nf6 8.
O-O Be7 9. Rd1 Nd4 10. Nxd4 cxd4 11. Ne4 O-O 12. d3 Qb6 13. c4 Nxe4 14. Qxe4 a5
15. Rb1 Ra7 16. b3 Bd7 17. a3 Bc6 18. Qe2 Bxg2 19. Kxg2 Bc5 20. Qf3 Qd6 21. Ra1
Qb6 22. Bf4 Qxb3 23. Rdb1 Qc2 24. a4 e5 25. Bxe5 b6 26. Re1 Re7 27. Re2 Qc3 28.
Rae1 Re6 29. Qg4 Rg6 30. Qf5 Qa3 31. h4 h6 32. f4 Qxa4 33. h5 Qc6+ 34. Kh2 Qe6
35. Qe4 f5 36. Qf3 Qc6 37. Qf2 Re6 38. Bxd4 Rxe2 39. Rxe2 Rd8 40. Bxc5 bxc5 41.
Qe3 a4 42. Qe7 Rxd3 43. Qe8+ Qxe8 44. Rxe8+ Kf7 1/2-1/2

[Event "4NCL"]
[Site "De Vere, Sunningdale, ENG"]
[Date "2012.02.11"]
[Round "9.2"]
[White "Quist, Sven Roy"]
[Black "Crouch, Colin S"]
[Result "0-1"]
[WhiteElo "2142"]
[BlackElo "2374"]
[PlyCount "80"]
[EventDate "2012.??.??"]
[WhiteTeam "Cambridge University 2"]
[BlackTeam "Pandora's Box Grantham"]

1. c4 c6 2. Nf3 d5 3. b3 Bg4 4. Bb2 Nf6 5. e3 e6 6. Be2 Nbd7 7. d4 Bb4+ 8. Bc3
Bd6 9. Nbd2 Qc7 10. h3 Bf5 11. c5 Be7 12. b4 Ne4 13. Nxe4 dxe4 14. Nd2 Nf6 15.
Qb3 Nd5 16. Nc4 O-O 17. Bd2 b6 18. Rc1 b5 19. Na5 Bg6 20. a4 a6 21. g3 f5 22.
axb5 axb5 23. O-O Rf6 24. Ra1 Raf8 25. Ra3 Be8 26. Qc2 h5 27. h4 Rg6 28. Kh1
Rxg3 29. fxg3 Qxg3 30. Be1 Qh3+ 31. Kg1 Rf6 32. Bg4 Rg6 33. Rf2 Rxg4+ 34. Rg2
Nxe3 35. Rxe3 Qxe3+ 36. Bf2 Rxg2+ 37. Kxg2 Qf3+ 38. Kg1 e3 39. Be1 e2 40. Qd2
Qg4+ 0-1

[Event "4NCL"]
[Site "De Vere, Sunningdale, ENG"]
[Date "2012.02.11"]
[Round "9.3"]
[White "Ross, Chris N"]
[Black "Chan, Nevil"]
[Result "1-0"]
[WhiteElo "2237"]
[BlackElo "2117"]
[PlyCount "61"]
[EventDate "2012.??.??"]
[WhiteTeam "Pandora's Box Grantham"]
[BlackTeam "Cambridge University 2"]

1. e4 Nc6 2. Nf3 Nf6 3. e5 Ng4 4. d4 d6 5. e6 fxe6 6. Bc4 Nf6 7. Ng5 d5 8. Bb5
g6 9. h4 Bg7 10. h5 h6 11. Nf3 g5 12. Ne5 O-O 13. Ng6 Ne4 14. Be3 Rf7 15. Bxc6
bxc6 16. Nd2 Nxd2 17. Qxd2 e5 18. Nxe5 Bxe5 19. dxe5 Bf5 20. O-O-O e6 21. f3
Kh8 22. g4 Bh7 23. f4 gxf4 24. Bxf4 Be4 25. Rhf1 Qg8 26. Bxh6 Bf3 27. Rde1 Qxg4
28. Bg5 Rf5 29. Rg1 Qxh5 30. Bf6+ Rxf6 31. exf6 1-0

[Event "4NCL"]
[Site "De Vere, Sunningdale, ENG"]
[Date "2012.02.11"]
[Round "9.6"]
[White "Chevannes, Sabrina L"]
[Black "Birtwistle, Nigel"]
[Result "1-0"]
[WhiteElo "2067"]
[BlackElo "2173"]
[PlyCount "65"]
[EventDate "2012.??.??"]
[WhiteTeam "Cambridge University 2"]
[BlackTeam "Pandora's Box Grantham"]

1. d4 g6 2. Nf3 Bg7 3. e3 d6 4. b3 Nf6 5. Bb2 O-O 6. Bd3 Nc6 7. a3 e5 8. Be2 h6
9. O-O e4 10. Nfd2 Qe7 11. c4 Bf5 12. Nc3 a5 13. Rc1 g5 14. Nd5 Qd8 15. Qc2 Re8
16. Rfd1 Bg6 17. Nb1 Nb8 18. Nxf6+ Bxf6 19. Nc3 Nd7 20. c5 dxc5 21. dxc5 c6 22.
Bg4 Re7 23. Qd2 Qc7 24. Bxd7 Rd8 25. Nd5 cxd5 26. Bxf6 Rexd7 27. Bxd8 Rxd8 28.
b4 axb4 29. axb4 Bh5 30. Re1 f5 31. Qd4 Qf7 32. c6 bxc6 33. Rxc6 1-0

[Event "4NCL"]
[Site "De Vere, Sunningdale, ENG"]
[Date "2012.02.11"]
[Round "9.7"]
[White "Cumbers, Paul"]
[Black "Lee, Richard WY"]
[Result "0-1"]
[WhiteElo "2157"]
[BlackElo "2030"]
[PlyCount "74"]
[EventDate "2012.??.??"]
[WhiteTeam "Pandora's Box Grantham"]
[BlackTeam "Cambridge University 2"]

1. d4 d5 2. c4 c6 3. Nc3 Nf6 4. Nf3 dxc4 5. a4 Bf5 6. e3 e6 7. Bxc4 Bb4 8. O-O
Nbd7 9. Qe2 Bg6 10. e4 O-O 11. Bd3 Bh5 12. e5 Nd5 13. Nxd5 cxd5 14. Qe3 Be7 15.
a5 Rc8 16. Bd2 Nb8 17. b4 Nc6 18. b5 Nb4 19. Bxb4 Bxb4 20. a6 b6 21. Ng5 Bg6
22. Bxg6 hxg6 23. f4 Be7 24. Nf3 Qd7 25. Rab1 Rc7 26. Rb3 Rfc8 27. Rfb1 Rc4 28.
h3 Qc7 29. Kh2 Ra4 30. Kg3 Qc4 31. Qd3 Kf8 32. Qxc4 Rcxc4 33. R1b2 Bb4 34. Rd3
Ke7 35. h4 Kd7 36. Ng5 Bc3 37. Rc2 Be1+ 0-1

[Event "4NCL"]
[Site "De Vere, Sunningdale, ENG"]
[Date "2012.02.11"]
[Round "9.8"]
[White "Gooding, Ian"]
[Black "Maroroa, Sue"]
[Result "1/2-1/2"]
[WhiteElo "2035"]
[BlackElo "2020"]
[PlyCount "83"]
[EventDate "2012.??.??"]
[WhiteTeam "Cambridge University 2"]
[BlackTeam "Pandora's Box Grantham"]

1. e4 e5 2. Nf3 Nc6 3. Nc3 Nf6 4. Bb5 Bb4 5. O-O O-O 6. d3 d6 7. Bg5 Ne7 8. Qe2
c6 9. Bc4 Ng6 10. Rad1 h6 11. Bc1 Qe7 12. a3 Bxc3 13. bxc3 Nh5 14. d4 Bg4 15.
h3 Nhf4 16. Bxf4 Nxf4 17. Qe3 Bh5 18. Rb1 b5 19. Bd3 Qe6 20. Nh4 Qf6 21. Nf5
Bg6 22. a4 a6 23. axb5 cxb5 24. Ng3 Rfc8 25. Rb3 Qg5 26. Qf3 h5 27. Ne2 Ne6 28.
Ra1 Qd8 29. Qg3 Qf6 30. Qe3 h4 31. Rba3 Nc7 32. f4 Bh5 33. fxe5 dxe5 34. Rf1
Qe7 35. Raa1 Bxe2 36. Qxe2 Ne6 37. dxe5 Qc5+ 38. Kh1 Qxe5 39. Qf2 Qh5 40. Qf5
Qxf5 41. Rxf5 g6 42. Rf2 1/2-1/2

[Event "4NCL"]
[Site "De Vere, Sunningdale, ENG"]
[Date "2012.02.11"]
[Round "10.1"]
[White "McMichael, Richard J"]
[Black "Swanson, Stephen"]
[Result "1/2-1/2"]
[WhiteElo "2266"]
[BlackElo "2277"]
[PlyCount "66"]
[EventDate "2012.??.??"]
[WhiteTeam "Kings Head"]
[BlackTeam "Poisoned Pawns"]

1. d4 d6 2. Nf3 g6 3. b3 Bg7 4. Bb2 Nd7 5. e3 e5 6. Be2 Ne7 7. c4 O-O 8. Nc3 h6
9. Qd2 f5 10. dxe5 Nxe5 11. O-O a6 12. Rac1 N7c6 13. Rfd1 Be6 14. Nd5 Kh7 15.
Nd4 Nxd4 16. exd4 Nd7 17. Bf3 Rb8 18. Nf4 Bf7 19. Bd5 Nf6 20. Bxf7 Rxf7 21. Ne6
Qe7 22. Nxg7 Rxg7 23. d5 Rf7 24. Re1 Qf8 25. f3 Re8 26. Qd4 Rxe1+ 27. Rxe1 Re7
28. Rxe7+ Qxe7 29. Kf2 Kg7 30. g4 fxg4 31. fxg4 g5 32. Kf3 Kf7 33. Qd3 Qe1
1/2-1/2

[Event "4NCL"]
[Site "De Vere, Sunningdale, ENG"]
[Date "2012.02.11"]
[Round "10.2"]
[White "Byway, Paul V"]
[Black "Kwiatkowski, Feliks J"]
[Result "1-0"]
[WhiteElo "2160"]
[BlackElo "2241"]
[PlyCount "80"]
[EventDate "2012.??.??"]
[WhiteTeam "Poisoned Pawns"]
[BlackTeam "Kings Head"]

1. Nf3 c5 2. c4 Nc6 3. g3 g6 4. Bg2 Bg7 5. Nc3 d6 6. O-O Qd7 7. a3 b6 8. b4 Bb7
9. Rb1 e6 10. e3 Nge7 11. Bb2 O-O 12. d4 cxb4 13. axb4 Nxb4 14. Ba3 Nbc6 15.
Ne4 d5 16. cxd5 exd5 17. Nd6 Ba6 18. Re1 Nc8 19. Ne5 Nxe5 20. dxe5 Bxe5 21.
Bxd5 Nxd6 22. f4 Bc3 23. Bxa8 Rxa8 24. Qxd6 Qxd6 25. Bxd6 Bxe1 26. Rxe1 Rd8 27.
Be5 Rd7 28. Bd4 f5 29. Ra1 Bd3 30. Rc1 Kf7 31. h3 Ke6 32. Rc3 Be4 33. g4 Rb7
34. Kf2 a5 35. Ra3 Kd5 36. Kg3 Kc4 37. Kh4 Kb4 38. Ra1 b5 39. Kg5 a4 40. h4 a3
1-0

[Event "4NCL"]
[Site "De Vere, Sunningdale, ENG"]
[Date "2012.02.11"]
[Round "10.3"]
[White "Wittmann, Jochen"]
[Black "Rosen, Daniel B"]
[Result "1-0"]
[WhiteElo "2216"]
[BlackElo "2125"]
[PlyCount "77"]
[EventDate "2012.??.??"]
[WhiteTeam "Kings Head"]
[BlackTeam "Poisoned Pawns"]

1. d4 f5 2. e4 fxe4 3. Nc3 Nf6 4. Bg5 Nc6 5. d5 Ne5 6. Qe2 Nf7 7. Bxf6 exf6 8.
Nxe4 Qe7 9. d6 Nxd6 10. Nxd6+ cxd6 11. O-O-O Qxe2 12. Bxe2 b6 13. Bf3 Rb8 14.
Ne2 g6 15. Nc3 f5 16. Rhe1+ Kd8 17. Nb5 a6 18. Nxd6 Bxd6 19. Rxd6 Kc7 20. Rf6
b5 21. g4 fxg4 22. Bxg4 Rb6 23. Rf7 Rd6 24. Rd1 Rxd1+ 25. Kxd1 h5 26. Bf3 Re8
27. h4 Re6 28. Kd2 a5 29. Be2 Re4 30. f4 b4 31. Bd3 Re6 32. Rg7 Rf6 33. Ke3 Kd6
34. Rxg6 Ke6 35. Rxf6+ Kxf6 36. Kd4 d6 37. Kd5 Ke7 38. Kc6 Be6 39. b3 1-0

[Event "4NCL"]
[Site "De Vere, Sunningdale, ENG"]
[Date "2012.02.11"]
[Round "10.4"]
[White "McEwan, Ken B"]
[Black "Whiteley, Andrew J"]
[Result "0-1"]
[WhiteElo "2109"]
[BlackElo "2280"]
[PlyCount "84"]
[EventDate "2012.??.??"]
[WhiteTeam "Poisoned Pawns"]
[BlackTeam "Kings Head"]

1. d4 d5 2. c4 c6 3. Nc3 Nf6 4. Nf3 e6 5. Bg5 h6 6. Bh4 dxc4 7. e3 b5 8. Be2
Bb7 9. O-O Nbd7 10. Qc2 Be7 11. Rfd1 Nd5 12. Bg3 O-O 13. a3 Nxc3 14. bxc3 Nb6
15. e4 Bd6 16. Bxd6 Qxd6 17. e5 Qc7 18. Nd2 c5 19. Ne4 Bxe4 20. Qxe4 Nd5 21.
Rdc1 cxd4 22. cxd4 g6 23. a4 a6 24. Ra3 Kg7 25. Rh3 Rh8 26. Rg3 Rab8 27. h4 h5
28. Qf3 Qe7 29. Rg5 c3 30. axb5 axb5 31. Qg3 b4 32. Bd3 b3 33. Bxg6 fxg6 34.
Rxg6+ Kf8 35. Rf6+ Ke8 36. Qg6+ Kd7 37. Rf7 Rhc8 38. Rxe7+ Nxe7 39. Qb1 b2 40.
Rc2 Nd5 41. Kh2 Rc4 42. Re2 c2 0-1

[Event "4NCL"]
[Site "De Vere, Sunningdale, ENG"]
[Date "2012.02.11"]
[Round "10.5"]
[White "Haria, Ravi"]
[Black "Goodger, Martyn"]
[Result "0-1"]
[WhiteElo "2060"]
[BlackElo "2098"]
[PlyCount "96"]
[EventDate "2012.??.??"]
[WhiteTeam "Kings Head"]
[BlackTeam "Poisoned Pawns"]

1. e4 e5 2. Nf3 Nf6 3. Nxe5 d6 4. Nf3 Nxe4 5. d4 d5 6. Bd3 Bd6 7. O-O O-O 8. c4
c6 9. Qc2 Na6 10. a3 f5 11. Nc3 Nc7 12. Ne5 Bxe5 13. dxe5 Nxc3 14. bxc3 dxc4
15. Bxc4+ Be6 16. Bxe6+ Nxe6 17. Qb3 Qe7 18. Rd1 Kh8 19. Rb1 Nc5 20. Qc4 b5 21.
Qe2 Rfe8 22. Bf4 Ne4 23. Rd3 Nf6 24. Rh3 Nd5 25. g3 g6 26. Re1 Nxf4 27. gxf4
Qxa3 28. e6 Qd6 29. Qe3 a5 30. c4 b4 31. c5 Qd5 32. Qe2 Qd4 33. Rd1 Rxe6 34.
Qc2 Qxf4 35. Rd7 Re1+ 36. Kg2 Qg4+ 37. Rg3 Qe4+ 38. Qxe4 Rxe4 39. Rc7 Rae8 40.
Rxc6 R4e6 41. Rc7 R6e7 42. Rc6 Rb8 43. Rb3 Rb5 44. Rc8+ Kg7 45. c6 a4 46. Rd3
a3 47. Rd7 Rxd7 48. cxd7 Rd5 0-1

[Event "4NCL"]
[Site "De Vere, Sunningdale, ENG"]
[Date "2012.02.11"]
[Round "10.6"]
[White "Doci, Stefan"]
[Black "Guthrie, David W"]
[Result "1/2-1/2"]
[WhiteElo "2103"]
[BlackElo "2175"]
[PlyCount "47"]
[EventDate "2012.??.??"]
[WhiteTeam "Poisoned Pawns"]
[BlackTeam "Kings Head"]

1. d4 Nf6 2. Nf3 g6 3. b3 Bg7 4. Bb2 d5 5. e3 O-O 6. Bd3 c5 7. dxc5 Qa5+ 8.
Nbd2 Qxc5 9. O-O Nc6 10. c4 dxc4 11. Nxc4 Rd8 12. Qe2 Bg4 13. Rfd1 Rac8 14.
Rac1 Qh5 15. h3 Bxf3 16. Qxf3 Qxf3 17. gxf3 Nd5 18. Bxg7 Kxg7 19. Be4 e6 20. f4
Ncb4 21. Bb1 Nc6 22. Be4 Ncb4 23. Bb1 Nc6 24. Be4 1/2-1/2

[Event "4NCL"]
[Site "De Vere, Sunningdale, ENG"]
[Date "2012.02.11"]
[Round "10.7"]
[White "Thomas, Rik H"]
[Black "McMahon, Paul"]
[Result "1-0"]
[WhiteElo "2197"]
[BlackElo "2029"]
[PlyCount "65"]
[EventDate "2012.??.??"]
[WhiteTeam "Kings Head"]
[BlackTeam "Poisoned Pawns"]

1. Nf3 Nf6 2. g3 g6 3. Bg2 Bg7 4. O-O d6 5. c4 c6 6. Nc3 O-O 7. d4 Nbd7 8. b3
Re8 9. Bb2 Qc7 10. Rc1 Nf8 11. Qd2 Bd7 12. Rfd1 Rad8 13. d5 a6 14. dxc6 Bxc6
15. Nd5 Qd7 16. Nxf6+ Bxf6 17. Bxf6 exf6 18. e3 Ne6 19. Nd4 Bxg2 20. Kxg2 Ng5
21. Qe2 Qh3+ 22. Kg1 h5 23. Qf1 Qg4 24. f3 Qd7 25. e4 Kg7 26. Rc2 Ne6 27. Rcd2
Re7 28. Nc2 Qc7 29. Ne3 Qc5 30. Qf2 Red7 31. h4 Qc6 32. Nd5 Nc7 33. Nb4 1-0

[Event "4NCL"]
[Site "De Vere, Sunningdale, ENG"]
[Date "2012.02.11"]
[Round "11.1"]
[White "Chapman, Terry PD"]
[Black "Tippleston, Charles E"]
[Result "1-0"]
[WhiteElo "2253"]
[BlackElo "2150"]
[PlyCount "120"]
[EventDate "2012.??.??"]
[WhiteTeam "Barbican Youth"]
[BlackTeam "FCA Solutions 1"]

1. Nf3 d6 2. d4 g6 3. e4 Bg7 4. Bc4 Nf6 5. Qe2 O-O 6. e5 dxe5 7. dxe5 Nd5 8. h3
c6 9. O-O Nb6 10. Rd1 Qc7 11. Bb3 a5 12. a3 c5 13. Nc3 Nc6 14. Nb5 Qb8 15. e6
Bxe6 16. Bxe6 fxe6 17. Ng5 Qe5 18. Qxe5 Bxe5 19. Nxe6 Rf7 20. Nxc5 Nc4 21. Rb1
Raf8 22. Ne6 Rc8 23. b3 Nd6 24. Nxd6 Bxd6 25. c4 Ne5 26. Ng5 Rff8 27. Ne4 Bb8
28. a4 Rfd8 29. Ba3 Nc6 30. Bc5 Be5 31. Bb6 Bc7 32. Bxc7 Rxc7 33. Rxd8+ Nxd8
34. Rd1 Ne6 35. Kf1 Kf7 36. g3 h6 37. f4 Rc6 38. Rd5 Rb6 39. Nd2 Rd6 40. Rxd6
exd6 41. Kf2 Nc5 42. Ke3 h5 43. Ne4 Nxb3 44. Nxd6+ Ke6 45. Nxb7 Kd7 46. Kd3 Kc7
47. Kc3 Nc1 48. Nxa5 Ne2+ 49. Kd3 Nxg3 50. Nb3 h4 51. Nd4 Kd6 52. a5 Nh5 53.
Ke3 Nf6 54. Nf3 Kc5 55. Nxh4 Kxc4 56. a6 Nd5+ 57. Ke4 Nc7 58. a7 Kc5 59. Ke5
Kb6 60. Nxg6 Kxa7 1-0

[Event "4NCL"]
[Site "De Vere, Sunningdale, ENG"]
[Date "2012.02.11"]
[Round "11.2"]
[White "Habershon, Paul F"]
[Black "Coleman, David J"]
[Result "0-1"]
[WhiteElo "2122"]
[BlackElo "2238"]
[PlyCount "82"]
[EventDate "2012.??.??"]
[WhiteTeam "FCA Solutions 1"]
[BlackTeam "Barbican Youth"]

1. e4 d5 2. exd5 Qxd5 3. Nc3 Qa5 4. d4 Nf6 5. Nf3 c6 6. h3 Bf5 7. Bd3 Bxd3 8.
Qxd3 e6 9. Bd2 Nbd7 10. a3 Qc7 11. O-O Be7 12. Rfe1 O-O 13. Rad1 Rad8 14. Bg5
Rfe8 15. Bh4 b5 16. Bg3 Qb6 17. Ne5 Nxe5 18. Bxe5 Rd7 19. Qg3 Red8 20. Ne4 Ne8
21. Rd3 f6 22. Bf4 Rxd4 23. Be3 Rxe4 24. Bxb6 Rxe1+ 25. Kh2 axb6 26. Rxd8 Bxd8
27. Qc3 Re5 28. Qxc6 Kf7 29. Qd7+ Be7 30. Qb7 Re2 31. Qxb6 Nd6 32. Qc6 Nf5 33.
Qxb5 Bd6+ 34. g3 Bxg3+ 35. Kh1 Rxf2 36. Qd7+ Kg6 37. Qxe6 Bh2 38. Qe4 Kh6 39.
Qg2 Rxg2 40. Kxg2 Be5 41. b4 Ne3+ 0-1

[Event "4NCL"]
[Site "De Vere, Sunningdale, ENG"]
[Date "2012.02.11"]
[Round "11.3"]
[White "Martyn, Rafe"]
[Black "Fraser-Mitchell, Jeremy N"]
[Result "1-0"]
[WhiteElo "2267"]
[BlackElo "2085"]
[PlyCount "77"]
[EventDate "2012.??.??"]
[WhiteTeam "Barbican Youth"]
[BlackTeam "FCA Solutions 1"]

1. e4 e6 2. d4 d5 3. e5 c5 4. c3 Nc6 5. Nf3 Nh6 6. Bd3 cxd4 7. cxd4 f6 8. O-O
Nf7 9. Re1 fxe5 10. Nxe5 Nfxe5 11. dxe5 g6 12. Nc3 Bg7 13. Bf4 O-O 14. Qd2 Qb6
15. Rad1 Bd7 16. Bb1 Qb4 17. Bh6 Bxh6 18. Qxh6 Qf4 19. Qxf4 Rxf4 20. g3 Rf3 21.
Ne4 Kg7 22. Nf6 Rd8 23. Kg2 Rxf6 24. exf6+ Kxf6 25. f4 Ne7 26. g4 Rc8 27. Rc1
Bb5 28. Rxc8 Nxc8 29. g5+ Kf7 30. h4 Nd6 31. h5 Bc6 32. Kf2 Ne8 33. Rh1 Ng7 34.
hxg6+ hxg6 35. Rh6 Nf5 36. Bxf5 exf5 37. Ke3 Kg7 38. Kd4 b6 39. Rh1 1-0

[Event "4NCL"]
[Site "De Vere, Sunningdale, ENG"]
[Date "2012.02.11"]
[Round "11.4"]
[White "Malhotra, Tarun"]
[Black "O'Toole, George E"]
[Result "0-1"]
[WhiteElo "1982"]
[BlackElo "2187"]
[PlyCount "98"]
[EventDate "2012.??.??"]
[WhiteTeam "FCA Solutions 1"]
[BlackTeam "Barbican Youth"]

1. e4 e5 2. Nf3 Nc6 3. Bb5 Nge7 4. O-O g6 5. d4 exd4 6. Nxd4 Bg7 7. Be3 O-O 8.
Nc3 a6 9. Be2 d6 10. Nd5 h6 11. c4 f5 12. f3 fxe4 13. fxe4 Rxf1+ 14. Kxf1 Nxd5
15. cxd5 Qf6+ 16. Nf3 Ne5 17. Kg1 Nxf3+ 18. Bxf3 Bd7 19. Rc1 Rc8 20. b3 g5 21.
h3 c5 22. Rc2 Rf8 23. Kh2 Qe5+ 24. g3 Be8 25. Bc1 Qe7 26. Bb2 Bxb2 27. Rxb2 Bg6
28. Qe2 Re8 29. Rb1 Qe5 30. Re1 Kg7 31. Bg2 Rf8 32. Bf3 Qd4 33. Kg2 Re8 34. Kh2
Re7 35. Kg2 b5 36. Rd1 Qe5 37. Re1 Qc3 38. Qe3 Qxe3 39. Rxe3 Kf6 40. Kf2 Ke5
41. Rd3 Rf7 42. Ke3 Rxf3+ 43. Kxf3 Bxe4+ 44. Ke3 Bxd3 45. Kxd3 Kxd5 46. Ke3 c4
47. g4 c3 48. Kd3 b4 49. Kc2 Ke4 0-1

[Event "4NCL"]
[Site "De Vere, Sunningdale, ENG"]
[Date "2012.02.11"]
[Round "11.5"]
[White "Cumming, Rhys"]
[Black "Onley, EJ David"]
[Result "1/2-1/2"]
[WhiteElo "2010"]
[BlackElo "2099"]
[PlyCount "124"]
[EventDate "2012.??.??"]
[WhiteTeam "Barbican Youth"]
[BlackTeam "FCA Solutions 1"]

1. e4 c5 2. c3 d6 3. d4 Nf6 4. Bd3 cxd4 5. cxd4 g6 6. h3 Bg7 7. Nf3 O-O 8. O-O
Nc6 9. Nc3 e5 10. Be3 exd4 11. Nxd4 Re8 12. Bc2 Ne5 13. Bb3 a6 14. a4 Ned7 15.
Nf3 Ne5 16. a5 Be6 17. Ba4 Nxf3+ 18. Qxf3 Nd7 19. Nd5 Bxd5 20. exd5 Rf8 21. Bc2
Rc8 22. Qe2 Qf6 23. Rab1 Ne5 24. Bb3 Rfe8 25. Rfe1 Qf5 26. Ba4 Rf8 27. b4 Rc3
28. Rbc1 Qd3 29. Qxd3 Rxd3 30. Red1 Rxd1+ 31. Rxd1 Rc8 32. Rc1 Rxc1+ 33. Bxc1
Nd3 34. Bd2 Bb2 35. Bd7 Ba3 36. Bc8 Bxb4 37. Bxb4 Nxb4 38. Bxb7 Kf8 39. Bc8 Ke7
40. Kf1 Kf6 41. f4 Ke7 42. g3 Kd8 43. Bg4 Nxd5 44. Ke2 Kc7 45. h4 Ne7 46. h5
Nc6 47. hxg6 hxg6 48. Ke3 Nxa5 49. Be2 Kb6 50. Kd4 Nc6+ 51. Kd5 Kc7 52. g4 f6
53. Bd1 g5 54. fxg5 fxg5 55. Ke6 a5 56. Kf5 Ne5 57. Kxg5 Kc6 58. Kf6 Kd5 59. g5
Kd4 60. g6 Nxg6 61. Kxg6 Kc3 62. Kf5 d5 1/2-1/2

[Event "4NCL"]
[Site "De Vere, Sunningdale, ENG"]
[Date "2012.02.11"]
[Round "11.6"]
[White "Elwin, Adrian G"]
[Black "Smith, Ivor BN"]
[Result "1-0"]
[WhiteElo "1986"]
[BlackElo "2148"]
[PlyCount "83"]
[EventDate "2012.??.??"]
[WhiteTeam "FCA Solutions 1"]
[BlackTeam "Barbican Youth"]

1. d4 Nf6 2. c4 g6 3. Nc3 Bg7 4. e4 d6 5. Be2 O-O 6. Nf3 e5 7. dxe5 dxe5 8.
Qxd8 Rxd8 9. Bg5 c6 10. Nxe5 h6 11. Bf4 Re8 12. O-O-O Na6 13. g4 Nc5 14. f3 a5
15. Nd3 Ne6 16. Be3 Nd7 17. Rhe1 a4 18. a3 b6 19. Nb4 Nd8 20. h4 Nc5 21. Kb1
Bb7 22. Bd3 Nde6 23. Bc2 g5 24. hxg5 hxg5 25. Ne2 Be5 26. Rg1 Rad8 27. Nd3 Nxd3
28. Rxd3 Rxd3 29. Bxd3 Rd8 30. Bc2 b5 31. Rd1 Rxd1+ 32. Bxd1 f6 33. Bc2 Kf7 34.
Bd3 Ba6 35. cxb5 cxb5 36. Kc2 Ke7 37. Nc3 Bd4 38. Nd5+ Kf7 39. Bd2 Be5 40. Bc3
Nd4+ 41. Bxd4 Bxd4 42. Nc7 1-0

[Event "4NCL"]
[Site "De Vere, Sunningdale, ENG"]
[Date "2012.02.11"]
[Round "11.7"]
[White "Stewart, Ashley"]
[Black "Majer, Chris E"]
[Result "1/2-1/2"]
[WhiteElo "2001"]
[BlackElo "2019"]
[PlyCount "73"]
[EventDate "2012.??.??"]
[WhiteTeam "Barbican Youth"]
[BlackTeam "FCA Solutions 1"]

1. d4 Nf6 2. c4 c5 3. Nf3 cxd4 4. Nxd4 e5 5. Nb5 d5 6. cxd5 Bc5 7. e3 O-O 8.
N5c3 e4 9. Be2 Bf5 10. a3 Nbd7 11. b4 Bd6 12. Bb2 Be5 13. O-O Nb6 14. Qb3 Rc8
15. h3 Qc7 16. Rd1 Rfd8 17. Nb5 Bxb2 18. Nxc7 Bxa1 19. Nb5 a6 20. Nd4 Bxd4 21.
Rxd4 Rxd5 22. Rxd5 Nfxd5 23. Bg4 Bxg4 24. hxg4 h6 25. Nd2 Nf6 26. f3 exf3 27.
gxf3 Nfd5 28. Ne4 Rc1+ 29. Kh2 Nc4 30. b5 Ncxe3 31. bxa6 bxa6 32. Qb8+ Kh7 33.
Qb7 Rc2+ 34. Kh1 Rc1+ 35. Kh2 Rc2+ 36. Kh1 Rc1+ 37. Kh2 1/2-1/2

[Event "4NCL"]
[Site "De Vere, Sunningdale, ENG"]
[Date "2012.02.11"]
[Round "11.8"]
[White "Valentine, Brian J"]
[Black "Morrison, Lynne GP"]
[Result "0-1"]
[WhiteElo "1977"]
[BlackElo "1897"]
[PlyCount "68"]
[EventDate "2012.??.??"]
[WhiteTeam "FCA Solutions 1"]
[BlackTeam "Barbican Youth"]

1. e4 c5 2. Nf3 d6 3. d4 cxd4 4. Nxd4 Nf6 5. Nc3 e6 6. Be2 Be7 7. O-O O-O 8.
Kh1 a6 9. f4 Qc7 10. Bf3 Nc6 11. Nxc6 bxc6 12. e5 Nd5 13. Qe1 Rb8 14. a3 f6 15.
exd6 Bxd6 16. Nxd5 exd5 17. c4 dxc4 18. Qe4 Bb7 19. Qxc4+ Kh8 20. Bd2 c5 21.
Bc3 Rfe8 22. Rad1 Bxf3 23. Rxf3 Rbd8 24. h3 Qb6 25. Rfd3 h6 26. Rd5 Be7 27. Re1
Bd6 28. Rxe8+ Rxe8 29. Rh5 Rf8 30. Qe6 Bc7 31. Qf5 Qd6 32. Qxc5 Qd1+ 33. Kh2
Bxf4+ 34. g3 Qe2+ 0-1

[Event "4NCL"]
[Site "De Vere, Sunningdale, ENG"]
[Date "2012.02.11"]
[Round "12.2"]
[White "Gayson, Peter M"]
[Black "Williams, Winston"]
[Result "1/2-1/2"]
[WhiteElo "2204"]
[BlackElo "2181"]
[PlyCount "119"]
[EventDate "2012.??.??"]
[WhiteTeam "White Rose 2"]
[BlackTeam "Bradford DCA Knights A"]

1. e4 c6 2. d4 d5 3. e5 Bf5 4. Nf3 e6 5. Be2 Nd7 6. O-O Bg6 7. b3 Nh6 8. c4 Nf5
9. Nc3 Bb4 10. Bb2 O-O 11. Rc1 Bh5 12. Ne1 Bxe2 13. Nxe2 Be7 14. Rc3 dxc4 15.
bxc4 Nb6 16. Nf3 c5 17. Rc1 Rc8 18. Qb3 Nxd4 19. Nexd4 cxd4 20. Bxd4 Bc5 21.
Rfd1 Qc7 22. h3 Rfd8 23. Qb5 Bxd4 24. Rxd4 Rxd4 25. Nxd4 a6 26. Qb3 Nxc4 27. a4
b6 28. Nf3 Qc5 29. Qd3 Qd5 30. Qxd5 exd5 31. Rd1 Rc5 32. Rd4 Kf8 33. Nd2 Nxd2
34. Rxd2 Ke7 35. Rb2 Rc6 36. f4 Ke6 37. Kf2 d4 38. Kf3 Kd5 39. g4 Rc3+ 40. Ke2
Kc5 41. h4 Rc4 42. f5 Rc3 43. Kd2 Rh3 44. Rc2+ Kd5 45. Rc7 Kxe5 46. Rxf7 Rxh4
47. Rxg7 b5 48. axb5 axb5 49. Re7+ Kd6 50. Re4 Kd5 51. Rf4 Rh2+ 52. Kd3 Rh3+
53. Kd2 Ra3 54. f6 Ra8 55. Kd3 Ke6 56. g5 Rg8 57. Re4+ Kf7 58. Re7+ Kg6 59.
Kxd4 h6 60. Rg7+ 1/2-1/2

[Event "4NCL"]
[Site "De Vere, Sunningdale, ENG"]
[Date "2012.02.11"]
[Round "12.3"]
[White "Bak, Andrew"]
[Black "Weller, Jean-Luc"]
[Result "1/2-1/2"]
[WhiteElo "2027"]
[BlackElo "2074"]
[PlyCount "131"]
[EventDate "2012.??.??"]
[WhiteTeam "Bradford DCA Knights A"]
[BlackTeam "White Rose 2"]

1. e4 e6 2. d4 d5 3. Nc3 Nf6 4. Bg5 Be7 5. e5 Nfd7 6. h4 c5 7. Bxe7 Kxe7 8. f4
cxd4 9. Nb5 Qa5+ 10. Qd2 Qxd2+ 11. Kxd2 Nc6 12. Nf3 Nc5 13. Bd3 Bd7 14. Nbxd4
Rac8 15. h5 h6 16. Rh3 Rhd8 17. g4 a6 18. Rg1 f6 19. g5 hxg5 20. fxg5 Nxe5 21.
h6 Nxf3+ 22. Nxf3 e5 23. gxf6+ gxf6 24. Rhg3 e4 25. h7 Rh8 26. Rg7+ Kd6 27. Nh4
exd3 28. Ng6 Bf5 29. Nxh8 Rxh8 30. cxd3 Rxh7 31. Rxh7 Bxh7 32. Rg7 Bxd3 33. b4
Ne6 34. Rxb7 Bb5 35. a4 Bxa4 36. Rb6+ Ke5 37. Rxa6 Bb5 38. Rb6 Bc4 39. Rb8 Nd4
40. Ke3 f5 41. Re8+ Ne6 42. Rb8 f4+ 43. Kf2 Nd4 44. Re8+ Kf5 45. Rf8+ Ke4 46.
Re8+ Kd3 47. Rf8 f3 48. Rd8 Ke4 49. Re8+ Kf4 50. Rf8+ Nf5 51. Rb8 d4 52. b5 Bd5
53. Rd8 Ke5 54. b6 Nd6 55. Rh8 Ke6 56. Rh4 Nf5 57. Rh7 Ne7 58. Rh4 Ke5 59. Rh7
Kd6 60. Rh6+ Ke5 61. Rh7 Ke6 62. Rh6+ Kd7 63. Rh7 Bc6 64. Rh4 Nf5 65. Rh7+ Ne7
66. Rh4 1/2-1/2